000 03959nam a22004337a 4500
001 BRCA_8533
002 W-144
003 FranzMayer
005 20260505163254.0
006 a||||gr|||| 00| |
007 ta
008 260324s1489 fr ||||g |||| 00| | lat d
040 _aBMFM
_bspa
041 0 _alat
050 0 _aBX1749
_b.B66 1489 (W-144)
100 1 _aBoneventure, Saint, Cardenal
_d(1221-1274)
_930122
245 1 0 _aSancti Bonauēnture tractatus & librí plurimi /
_cSaint Boneventure
246 1 3 _aSancti Bonaue[n]ture Tractatus & libri q[uam]plurim
246 1 3 _aSancti Bonauēture Tractatus & libri quamplurimi
246 1 3 _aSancti Bonaueture tractatus & libri qm plurimi
246 1 3 _aTractatus et libri quam plurimi
260 _aEstrasburgo, Francia :
_bFlach, Martin ,
_c1489
300 _aCCLXXXV [285] páginas ;
_b28.1 x 19 x 5 cm
520 3 _aTratado en latín que recoge el pensamiento del teólogo y filósofo franciscano Juan de Fidanza, más conocido como San Buenaventura de Bagnoregio, (1221-1274), doctor de la Iglesia y canonizado en 1482. La obra, impresa en el siglo XV, es un valioso testimonio de la difusión del pensamiento escolástico a través de la imprenta.
_bAdemás de ser el segundo libro más antiguo en la biblioteca del Museo Franz Mayer, este incunable es un testimonio de la evolución del conocimiento teológico y filosófico en la época medieval.
563 _aOtras referencias físicas: Encuadernación flexible en pergamino. El papel del cuerpo del libro es de pulpa de trapo, hecho a mano, con marcas de verjurado y marcas de agua. El cuerpo del libro está formado por cuadernillos unidos mediante costura sobre cinco soportes de piel alumada. Se le añadieron prolongaciones a los soportes (cortados al ras) para unir el cuerpo a la cartera. Hojas de guarda repuestas (antiguas). Lomera recta; endoses de papel de reúso en los seis paneles. Cabezadas tejidas con hilo café, sobre almas de piel alumada y prolongaciones enlazadas a la cartera.Cantos del cuerpo refinados más de una vez y coloreados en rojo. Marcas de fuego en los tres cantos. La cubierta tiene extensiones en el frente. Los cierres de la tapa anterior se perdieron; los cierres posteriores son de piel alumada. Restos de tejuelo en el lomo y rótulo manuscrito en el mismo. Texto impreso con anotaciones en tinta ferrogálica cortadas. Sello de lacre rojo en el índice
591 _aEstado de Conservación: Bueno
591 _bDescripción de conservación: Reparaciones antiguas: etiqueta con título adherida en hoja antes del título, índice con injerto, hojas de guarda repuestas, refinado más de una vez. Es posible que las reparaciones y la cubierta se hayan hecho en el antiguo Convento de San Francisco de Querétaro. Suciedad, manchas, galerías, roturas y dobleces en el papel. Dobleces, arrugas y encogimiento del pergamino. Cierres anteriores perdidos y tejido de la cabezada de pie parcialmente perdido
592 _aMarcas Adicionales: Exlibris de Franz Mayer. Texto en dos columnas. Tabla de contenido después de la portada. Tiene un sello de lacre en la página I. Anotaciones en la tabla de contenido. Notas manuscritas en: LXXXI [79], CXXI [121], CCLCIIII [264], CCLXXV [275] y CCLXXVII [277]. Pie de imprenta del colofón. Marcas de fuego en los tres cantos, pertenecientes al antiguo Convento de San Francisco de Querétaro, Qro., México
593 _aIncunable
650 1 0 _aCatholic church
_yDoctrines Early works to 1800
_930123
650 1 0 _aMysticism
_xHistory
_yMiddle Ages, 600-1500
_930124
650 1 0 _aTheology
_yEarly works to 1800
_930125
655 0 _aIncunabula
_y1489
_zFrance
_zStrasbourg
_930126
700 1 _aFlach, Martin ,
_d(Ca.1500)
_eeditor
_930127
856 4 1 _qTIF//PDF
_uhttps://bibliotecadigital.franzmayer.org.mx/items/e5b4f811-7379-4703-a6c8-c39d33f9c443
_yBiblioteca Digital Franz Mayer
902 _aKH
_aTV
_aMF
942 _2lcc
_cB
960 _aCS-L1-N1
999 _c11106
_d11106